NLSUI OPAC header image

Roman law and common law : A comparison in outline (Record no. 18294)

MARC details
000 -LEADER
fixed length control field 00417nam a2200157Ia 4500
008 - FIXED-LENGTH DATA ELEMENTS--GENERAL INFORMATION
fixed length control field 160316s1952 xxu||||| |||| 00| 0 eng d
082 ## - DEWEY DECIMAL CLASSIFICATION NUMBER
Classification number 340.540000
Item number BUC-3
100 ## - MAIN ENTRY--PERSONAL NAME
Personal name Buckland W W
245 ## - TITLE STATEMENT
Title Roman law and common law : A comparison in outline
250 ## - EDITION STATEMENT
Edition statement 2nd
260 ## - PUBLICATION, DISTRIBUTION, ETC.
Place of publication, distribution, etc. Cambridge
Name of publisher, distributor, etc. Cambridge University Press
Date of publication, distribution, etc. 1952
300 ## - PHYSICAL DESCRIPTION
Extent 439p
Other physical details
Dimensions xxi
365 ## - TRADE PRICE
Price amount
650 ## - SUBJECT ADDED ENTRY--TOPICAL TERM
Topical term or geographic name entry element
700 ## - ADDED ENTRY--PERSONAL NAME
Personal name Mc Nair Arnold D
--
Holdings
Withdrawn status Lost status Damaged status Not for loan Home library Current library Shelving location Date acquired Total Checkouts Full call number Barcode Date last seen Price effective from Koha item type
        . . Xerox Bound Volumes 30.05.2017   340.54 BUC-3 XB115 30.05.2017 30.05.2017 Rare collections